Microsoft Office Word 2003 / (Record no. 7884)

MARC details
000 -LEADER
fixed length control field 00612cam a2200193 a 4500
020 ## - INTERNATIONAL STANDARD BOOK NUMBER
ISBN 0072834277 (acidfree paper)
050 00 - CALL NUMBER
Classification number Z52.5.M52
Item number C666
100 1# - AUTHOR
Personal name Coulthard, Glen J.
245 10 - TITLE
Title Microsoft Office Word 2003 /
Statement of responsibility, etc Glen J. Coulthard, Sarah Hutchinson Clifford, Ann Miller.
250 ## - EDITION
Edition statement Complete ed.
260 ## - PUBLICATION INFORMATION
Place of publication Boston :
Name of publisher McGraw-Hill Technology Education,
Year of publication c2005.
300 ## - DESCRIPTION
Number of Pages 1 v. (various pagings) :
Other physical details ill. ;
Dimensions 28 cm.
440 #0 - SERIES
SERIES Advantage series
500 ## - NOTES
General note Includes index.
650 #0 - SUBJECTS
Topical Term Word processing.
700 1# - OTHER AUTHORS
Personal name Clifford, Sarah Hutchinson.
700 1# - OTHER AUTHORS
Personal name Miller, Ann,
942 ## - ADDED ENTRY ELEMENTS (KOHA)
Koha item type Books
Holdings
Withdrawn status Lost status Home library Current library Date acquired Full call number Accession Number Koha item type
    Methodist University Library Wenchi Faculty Methodist University Library Wenchi Faculty 18/10/2021 Z52.5.M52 C666 35560 Books
Copyright © 2026  MUG Library